Warunki i perspektywy wzrostu gospodarczego.

Referát z vedeckej konferencie v r. 1992 vo Varšave. Cieľom tohto článku je úvaha o faktoroch ekonomického rastu v Poľsku na základe dnešnej situácie. Autor si však nekladie za úlohu určiť tvar funkčných závislostí ani kvantifikáciu parametrov, pričom vychádza z pracovných zásob, zo zásob kapitálu a...

Descrizione completa

Salvato in:
Dettagli Bibliografici
Autore principale: Sadowski, Z.
Natura: Capitolo di libro
Lingua:polacco
Soggetti:
Tags: Aggiungi Tag
Nessun Tag, puoi essere il primo ad aggiungerne!!

MARC

LEADER 00000naa a2200000 4500
001 r011531
005 20221125123039.1
041 0 |a pol 
044 |a PL 
245 1 0 |a Warunki i perspektywy wzrostu gospodarczego.  |c Z. Sadowski 
520 |a Referát z vedeckej konferencie v r. 1992 vo Varšave. Cieľom tohto článku je úvaha o faktoroch ekonomického rastu v Poľsku na základe dnešnej situácie. Autor si však nekladie za úlohu určiť tvar funkčných závislostí ani kvantifikáciu parametrov, pričom vychádza z pracovných zásob, zo zásob kapitálu a pôdy, z faktorov podnikavosti a bežnej makroekonomickej politiky. 
610 2 0 |a rast hospodársky 
610 2 0 |a PR 
610 2 0 |a faktory rastu hospodárskeho 
610 2 0 |a zásoby 
610 2 0 |a makroekonomika 
610 2 0 |a pôda 
610 2 0 |a kapitál 
610 2 0 |a politika hospodárska 
610 2 0 |a zdroje pracovné 
610 2 0 |a konferencie 
610 2 0 |a Varšava 
610 2 0 |a 1992 
100 1 |a Sadowski, Z.